|
|
|
|
| LEADER |
01391nam a2200325 a 4500 |
| 001 |
2502570 |
| 003 |
BD-DhAAL |
| 005 |
20130601113440.0 |
| 008 |
101006r20091998maua b 001 0 eng d |
| 010 |
|
|
|a 92000901
|
| 020 |
|
|
|a 0201510596
|a 8178082497
|
| 020 |
|
|
|a 9788131713051
|
| 040 |
|
|
|a DLC
|c DLC
|d DLC
|d BD-DhAAL
|
| 082 |
0 |
0 |
|a 005.13/3
|2 20
|
| 999 |
|
|
|c 9673
|d 9673
|
| 999 |
|
|
|c 9673
|
| 999 |
|
|
|c 9673
|
| 100 |
1 |
|
|a Sedgewick, Robert,
|d 1946-
|9 2014
|
| 245 |
1 |
0 |
|a Algorithms in C++
|n Parts 1-4,
|p Fundamentals, Data Structures and Sorting Searching,/
|c Robert Sedgewick.
|
| 250 |
|
|
|a 3rd ed.
|
| 260 |
|
|
|a Reading, Mass. :
|b Addison-Wesley Pub. Co. ;
|b New Delhi :
|b Pearson Education
|c c1998.[Reprinted 2004, 2009]
|
| 300 |
|
|
|a xix, 716 p. :
|b ill. ;
|c 25 cm.
|
| 500 |
|
|
|a Rev. ed. of: Algorithms in C. c1990.
|
| 504 |
|
|
|a Includes bibliographical references (p.705-706) and indexes.
|
| 541 |
1 |
|
|e 00021266
|
| 650 |
|
0 |
|a C++ (Computer program language)
|9 2015
|
| 852 |
4 |
|
|a Ayesha Abed Library
|j General shelf
|
| 942 |
|
|
|2 ddc
|c BK
|
| 952 |
|
|
|0 0
|1 0
|2 ddc
|4 0
|6 005_133000000000000_SED
|7 0
|9 12306
|a BRACUL
|b BRACUL
|c GEN
|d 2010-10-07
|g 628.95
|l 9
|m 84
|o 005.133 SED
|p 3010021266
|r 2025-07-05
|s 2025-07-03
|t 1
|w 2010-10-07
|y BK
|
| 952 |
|
|
|0 0
|1 0
|2 ddc
|4 0
|6 005_133000000000000_SED
|7 0
|9 22587
|a BRACUL
|b BRACUL
|c GEN
|d 2013-06-01
|g 607.00
|l 8
|m 75
|o 005.133 SED
|p 3010013110
|r 2026-03-30
|s 2025-06-16
|t 2
|w 2013-06-01
|y BK
|